| 000 | 00474nam a2200169 a 4500 | ||
|---|---|---|---|
| 005 | 20140310183212.0 | ||
| 008 | 030428s19uu xx 00 eng d | ||
| 020 | _a0673048608 | ||
| 050 |
_aRJ 131 _b.R532 1974 |
||
| 245 |
_aHealth and growth : _cJulius B. Richmond. _bbook seven / |
||
| 260 |
_aIllinois : _bScott, Foresman and Company, _c1974. |
||
| 300 |
_a316 p. : _bcol. ill. ; _c24 cm. |
||
| 521 | _aNUR | ||
| 650 | _aHealth | ||
| 942 |
_cBK _2lcc _kFOR |
||
| 999 |
_c20160 _d20160 |
||